[Event "Florianopolis zt 2.4"]
[Site "Florianopolis"]
[Date "2017.05.01"]
[Round "9"]
[White "Teixeira, Ricardo da Silva"]
[Black "Ueti, Silvio Shigeo"]
[Result "0-1"]
[WhiteElo "2205"]
[BlackElo "2098"]
[PlyCount "42"]
[EventDate "2017.04.26"]
[EventType "swiss"]
[EventRounds "9"]
[EventCountry "BRA"]
[SourceTitle "CBM 178 Extra"]
[Source "ChessBase"]
[SourceDate "2017.06.22"]
[SourceVersion "1"]
[SourceVersionDate "2017.06.22"]
[SourceQuality "1"]

1. e4 c5 2. c3 Nf6 3. e5 Nd5 4. Nf3 e6 5. g3 Nc6 6. Bg2 d6 7. exd6 Bxd6 8. d4 0-0 9. 0-0 b6 10. c4 Nde7 11. dxc5 Bxc5 12. Ne5 Nxe5 13. Bxa8 Ba6 14. Be4 Bxc4 15. Re1 f5 16. Bc2 Ng4 17. Be3 Nxe3 18. fxe3 Nd5 19. Qf3 Nxe3 20. Rxe3 Qd4 21. Kf2 f4 0-1

[Event "Florianopolis zt 2.4"]
[Site "Florianopolis"]
[Date "2017.04.30"]
[Round "8"]
[White "Ueti, Silvio Shigeo"]
[Black "Karoly, Carlos Acacio Gomes"]
[Result "1-0"]
[WhiteElo "2098"]
[BlackElo "1799"]
[PlyCount "66"]
[EventDate "2017.04.26"]
[EventType "swiss"]
[EventRounds "9"]
[EventCountry "BRA"]
[SourceTitle "CBM 178 Extra"]
[Source "ChessBase"]
[SourceDate "2017.06.22"]
[SourceVersion "1"]
[SourceVersionDate "2017.06.22"]
[SourceQuality "1"]

1. Nf3 Nf6 2. c4 g6 3. Nc3 Bg7 4. e4 d6 5. d4 0-0 6. Be2 Bg4 7. Be3 Nfd7 8. 0-0 Nc6 9. d5 Bxf3 10. Bxf3 Nce5 11. Be2 Nb6 12. Bd4 c5 13. dxc6 Nxc6 14. Bxg7 Kxg7 15. Qd2 Rc8 16. Rad1 Ne5 17. b3 a5 18. f4 Nc6 19. Kh1 Kg8 20. Bg4 Ra8 21. Qe3 Nc8 22. c5 Qc7 23. Nb5 Qb8 24. Bxc8 Rxc8 25. cxd6 exd6 26. Nxd6 Rd8 27. e5 a4 28. bxa4 Rxa4 29. Qb3 Rxd6 30. Rxd6 Rb4 31. Qc3 h5 32. a3 Ra4 33. Qb3 Re4 1-0

[Event "Florianopolis zt 2.4"]
[Site "Florianopolis"]
[Date "2017.04.28"]
[Round "4"]
[White "Ueti, Silvio Shigeo"]
[Black "Lahoz, Cassiano Ricardo Ne"]
[Result "1-0"]
[WhiteElo "2098"]
[BlackElo "1780"]
[PlyCount "95"]
[EventDate "2017.04.26"]
[EventType "swiss"]
[EventRounds "9"]
[EventCountry "BRA"]
[SourceTitle "CBM 178 Extra"]
[Source "ChessBase"]
[SourceDate "2017.06.22"]
[SourceVersion "1"]
[SourceVersionDate "2017.06.22"]
[SourceQuality "1"]

1. Nf3 Nf6 2. c4 c5 3. g3 g6 4. Bg2 Bg7 5. Nc3 0-0 6. d4 cxd4 7. Nxd4 Nc6 8. 0-0 Nxd4 9. Qxd4 d6 10. Qd3 a6 11. Rd1 Qc7 12. Bg5 Be6 13. b3 h6 14. Be3 Ng4 15. Bd4 Ne5 16. Qd2 Nc6 17. Be3 Kh7 18. Rac1 Rab8 19. Nd5 Qd7 20. Nb6 Qe8 21. f4 Na7 22. c5 dxc5 23. Bxc5 Nc8 24. Nd5 Bxd5 25. Qxd5 Nd6 26. e4 Nc8 27. e5 b6 28. Bf2 e6 29. Qd7 Ne7 30. Rc7 Nd5 31. Qxe8 Rbxe8 32. Bxd5 exd5 33. Rxd5 Re6 34. Rdd7 g5 35. Rxf7 Rxf7 36. Rxf7 gxf4 37. gxf4 Kg6 38. Ra7 b5 39. Kg2 Bf8 40. Kf3 Bb4 41. Ke4 Rc6 42. f5+ Kh5 43. Be3 a5 44. a3 Bxa3 45. Rxa5 b4 46. Rc5 Ra6 47. Rc2 Kg4 48. f6 1-0

[Event "Buenos Aires La Porta Cup-A"]
[Site "Buenos Aires"]
[Date "2017.03.25"]
[Round "2"]
[White "Hungaski, Robert Andrew"]
[Black "Ueti, Silvio Shigeo"]
[Result "1-0"]
[WhiteElo "2488"]
[BlackElo "2095"]
[PlyCount "151"]
[EventDate "2017.03.25"]
[EventType "swiss"]
[EventRounds "9"]
[EventCountry "ARG"]
[SourceTitle "CBM 177 Extra"]
[Source "ChessBase"]
[SourceDate "2017.04.27"]
[SourceVersion "1"]
[SourceVersionDate "2017.04.27"]
[SourceQuality "1"]

1. e4 c5 2. Nf3 e6 3. d4 cxd4 4. Nxd4 a6 5. c4 Bc5 6. Nb3 Be7 7. Nc3 d6 8. Be2 Nd7 9. 0-0 b6 10. Bf4 Qc7 11. Qd2 Bb7 12. Rfd1 Ne5 13. Rac1 Nf6 14. f3 0-0 15. Be3 Rac8 16. Na4 Ned7 17. Bf4 e5 18. Be3 Nc5 19. Nc3 Rfe8 20. Na1 Qb8 21. Nc2 h6 22. Bf1 Bf8 23. Kh1 Re6 24. Nb4 Ncd7 25. Qf2 Nc5 26. Rc2 Ree8 27. Qe2 Be7 28. Kg1 Bd8 29. Rcd2 Bc7 30. Rc1 Bd8 31. Qd1 Bc7 32. Kh1 Ncd7 33. g3 Nc5 34. Bh3 Rcd8 35. Ncd5 Nxd5 36. Nxd5 a5 37. Nc3 Bc6 38. Qe2 Nd7 39. b3 Nf6 40. Kg1 Re7 41. Bf2 Ree8 42. Rdc2 Re7 43. a3 Rf8 44. Be3 Rd8 45. Nd5 Bxd5 46. cxd5 b5 47. Rc6 Qb7 48. Kh1 Rb8 49. Qc2 Ne8 50. Bf1 Bd8 51. Bh3 Rc7 52. Qd2 Rxc6 53. Rxc6 Qe7 54. Qc1 Qb7 55. Bf1 Qd7 56. Bd3 Qb7 57. h4 Qd7 58. Kh2 Qb7 59. Bf1 Qe7 60. Bh3 Qb7 61. Qc2 Qe7 62. Ra6 Rb7 63. Ra8 Rc7 64. Qd3 Rb7 65. Bc8 Rc7 66. Bb6 Rc1 67. Bd7 Qxd7 68. Rxd8 Qe7 69. Qxb5 Rc2+ 70. Kh3 Kf8 71. Ra8 f5 72. exf5 e4 73. Ra7 Nc7 74. Bxc7 exf3 75. Qb8+ Kf7 76. Bxd6 1-0

[Event "Sao Bernardo do Campo LXSBC Classico 3a"]
[Site "Sao Bernardo do Campo"]
[Date "2016.09.24"]
[Round "4.2"]
[White "Ueti, Silvio Shigeo"]
[Black "Ichimura G Barbosa, Larissa Yuki"]
[Result "1/2-1/2"]
[WhiteElo "2079"]
[BlackElo "1980"]
[PlyCount "33"]
[EventDate "2016.09.23"]
[EventType "swiss"]
[EventRounds "6"]
[EventCountry "BRA"]
[SourceTitle "EXT 2022"]
[Source "ChessBase"]
[SourceDate "2021.10.06"]
[SourceVersion "1"]
[SourceVersionDate "2021.10.06"]
[SourceQuality "1"]

1. Nf3 Nf6 2. c4 g6 3. Nc3 Bg7 4. e4 d6 5. d4 0-0 6. Be2 e5 7. 0-0 Nc6 8. d5 Ne7 9. b4 Nh5 10. Re1 Nf4 11. Bf1 f5 12. Nd2 fxe4 13. Ndxe4 Nf5 14. g3 Nh5 15. Bg5 Nf6 16. c5 Nd4 17. Bg2 1/2-1/2

[Event "Sao Bernardo do Campo LXSBC STD I"]
[Site "Sao Bernardo do Campo"]
[Date "2016.05.20"]
[Round "1.2"]
[White "Ferreira de Souza, Ricardo"]
[Black "Ueti, Silvio Shigeo"]
[Result "0-1"]
[WhiteElo "1389"]
[BlackElo "2115"]
[PlyCount "74"]
[EventDate "2016.05.20"]
[EventType "swiss"]
[EventRounds "6"]
[EventCountry "BRA"]
[SourceTitle "EXT 2022"]
[Source "ChessBase"]
[SourceDate "2021.10.06"]
[SourceVersion "1"]
[SourceVersionDate "2021.10.06"]
[SourceQuality "1"]

1. g3 Nf6 2. Bg2 c5 3. Nf3 e6 4. 0-0 Be7 5. c4 0-0 6. Nc3 a6 7. d4 cxd4 8. Nxd4 Qc7 9. b3 d5 10. Qd3 e5 11. Nf5 Bxf5 12. Qxf5 dxc4 13. bxc4 Nc6 14. Nd5 Nxd5 15. Bxd5 Bd6 16. Be4 g6 17. Qh3 Nd4 18. Bd3 f5 19. Bb2 Bc5 20. Rad1 Rad8 21. Qh6 Nc6 22. Qg5 e4 23. Bxe4 Bxf2+ 24. Kxf2 Qb6+ 25. Kg2 Qxb2 26. Bd5+ Kg7 27. Rd2 Qf6 28. Qf4 Ne5 29. Rfd1 b5 30. c5 g5 31. Qf2 Ng4 32. Qf1 Qe5 33. Rd4 Qxe2+ 34. Kh1 Nf2+ 35. Qxf2 Qxf2 36. c6 Rde8 37. Bg2 Re1+ 0-1

[Event "Sao Paulo Camara Memorial 1st"]
[Site "Sao Paulo"]
[Date "2016.03.12"]
[Round "4"]
[White "Ueti, Silvio Shigeo"]
[Black "Quintiliano Pinto, Renato Rodrigues"]
[Result "1/2-1/2"]
[WhiteElo "2075"]
[BlackElo "2420"]
[PlyCount "52"]
[EventDate "2016.03.11"]
[EventType "swiss"]
[EventRounds "6"]
[EventCountry "BRA"]
[SourceTitle "CBM 171 Extra"]
[Source "ChessBase"]
[SourceDate "2016.04.26"]
[SourceVersion "1"]
[SourceVersionDate "2016.04.26"]
[SourceQuality "1"]

1. Nf3 c5 2. c4 Nc6 3. d4 cxd4 4. Nxd4 Nf6 5. Nc3 e6 6. Ndb5 d5 7. cxd5 Nxd5 8. Nxd5 exd5 9. e3 a6 10. Nd4 Be7 11. Be2 Bf6 12. Nxc6 bxc6 13. 0-0 0-0 14. Qc2 Qb6 15. Rb1 c5 16. b3 Be6 17. Bb2 Bxb2 18. Rxb2 Rab8 19. e4 Rfc8 20. exd5 Bxd5 21. Bc4 Qc6 22. Bxd5 Qxd5 23. Rd1 Qe6 24. Rbb1 Rb4 25. Qxc5 Re4 26. Qa5 Qf6 1/2-1/2

[Event "Santa Catarina-ch sf1"]
[Site "Sao Bento do Sul"]
[Date "2016.03.04"]
[Round "1"]
[White "Ueti, Silvio Shigeo"]
[Black "Doge, Gustavo Postein"]
[Result "1-0"]
[WhiteElo "2075"]
[BlackElo "1617"]
[PlyCount "45"]
[EventDate "2016.03.04"]
[EventType "swiss"]
[EventRounds "6"]
[EventCountry "BRA"]
[SourceTitle "EXT 2018"]
[Source "ChessBase"]
[SourceDate "2017.10.13"]
[SourceVersion "1"]
[SourceVersionDate "2017.10.13"]
[SourceQuality "1"]

1. e4 d5 2. exd5 Qxd5 3. Nc3 Qa5 4. d4 c6 5. Nf3 Bg4 6. h3 Bh5 7. Be2 Nf6 8. 0-0 e6 9. Ne5 Bxe2 10. Qxe2 Bd6 11. Nc4 Qc7 12. Bg5 Be7 13. Rad1 Nd5 14. Ne4 Bxg5 15. Nxg5 Nf4 16. Qe4 h6 17. Nxf7 Nxh3+ 18. gxh3 Kxf7 19. Ne5+ Kg8 20. Ng6 Qf7 21. Nxh8 Kxh8 22. Rfe1 Qf6 23. Rd3 1-0

[Event "Sao Bernardo do Campo-ch"]
[Site "Sao Bernardo do Campo"]
[Date "2016.01.23"]
[Round "2"]
[White "Saito, Vinicius Ikezu"]
[Black "Ueti, Silvio Shigeo"]
[Result "1-0"]
[WhiteElo "2102"]
[BlackElo "2085"]
[PlyCount "73"]
[EventDate "2016.01.23"]
[EventType "tourn"]
[EventRounds "9"]
[EventCountry "BRA"]
[SourceTitle "CBM 170 Extra"]
[Source "ChessBase"]
[SourceDate "2016.02.25"]
[SourceVersion "1"]
[SourceVersionDate "2016.02.25"]
[SourceQuality "1"]

1. e4 c5 2. Nf3 e6 3. d4 cxd4 4. Nxd4 Nf6 5. Bd3 Nc6 6. Nxc6 dxc6 7. Nd2 e5 8. Qf3 Qc7 9. Nc4 Be6 10. Bd2 0-0-0 11. h3 Nd7 12. b4 f6 13. a4 h6 14. Qe3 Kb8 15. Qe2 Be7 16. Ne3 g6 17. a5 Rhe8 18. 0-0 g5 19. Rfb1 h5 20. f3 a6 21. Nf5 Bxf5 22. exf5 e4 23. Bxe4 Qe5 24. Be3 Bd6 25. Kf1 Bxb4 26. c3 Qxc3 27. Rc1 Qe5 28. Rcb1 Ka8 29. Ra4 Bc5 30. Bxc6 Nb8 31. Bxb7+ Ka7 32. Be4 Re7 33. Rc4 Rc8 34. Qf2 Rec7 35. Rxc5 Rxc5 36. Bxc5+ Qxc5 37. Rb7+ 1-0

[Event "Sao Paulo Freitas Memorial"]
[Site "Sao Paulo"]
[Date "2015.10.12"]
[Round "5"]
[White "Ueti, Silvio Shigeo"]
[Black "Mendes, Rodrigo Machado"]
[Result "1-0"]
[WhiteElo "2071"]
[BlackElo "1918"]
[PlyCount "107"]
[EventDate "2015.10.10"]
[EventType "swiss"]
[EventRounds "6"]
[EventCountry "BRA"]
[SourceTitle "CBM 168 Extra"]
[Source "ChessBase"]
[SourceDate "2015.10.29"]
[SourceVersion "1"]
[SourceVersionDate "2015.10.29"]
[SourceQuality "1"]

1. c4 Nf6 2. g3 e6 3. Bg2 c5 4. Nf3 Nc6 5. 0-0 Be7 6. d4 d6 7. Nc3 a6 8. dxc5 dxc5 9. Qxd8+ Nxd8 10. Ne5 Bd7 11. Rd1 Rc8 12. Nxd7 Nxd7 13. Bf4 g5 14. Be3 f5 15. f4 h6 16. Rd3 Nb6 17. b3 Nc6 18. Rad1 Kf7 19. Bf2 Rhd8 20. Rxd8 Rxd8 21. Bxc6 Rxd1+ 22. Nxd1 bxc6 23. Nb2 gxf4 24. gxf4 Bd6 25. Nd3 Nd7 26. Kg2 Kg6 27. Kf3 e5 28. fxe5 Nxe5+ 29. Nxe5+ Bxe5 30. h3 Bd6 31. Bh4 h5 32. Bg3 Be7 33. Be5 Kg5 34. Bf4+ Kg6 35. Bg3 Bf8 36. Bh4 Bd6 37. e4 Be5 38. Be7 Bd4 39. Kf4 fxe4 40. Kxe4 Kf7 41. Bd8 Kg6 42. b4 Bf6 43. Bxf6 Kxf6 44. bxc5 a5 45. Kf4 a4 46. a3 Kg6 47. Ke5 Kg5 48. Kd6 Kh4 49. Kxc6 Kxh3 50. Kb5 Kg3 51. c6 h4 52. c7 h3 53. c8Q h2 54. Qc6 1-0

[Event "Baeta Neves op 3rd"]
[Site "Baeta Neves"]
[Date "2015.09.25"]
[Round "4"]
[White "Ueti, Silvio Shigeo"]
[Black "Gerbelli Neto, Eduardo"]
[Result "1-0"]
[WhiteElo "2071"]
[BlackElo "2185"]
[PlyCount "111"]
[EventDate "2015.09.24"]
[EventType "swiss"]
[EventRounds "6"]
[EventCountry "BRA"]
[SourceTitle "EXT 2016"]
[Source "ChessBase"]
[SourceDate "2015.10.08"]
[SourceVersion "1"]
[SourceVersionDate "2015.10.08"]
[SourceQuality "1"]

1. c4 c5 2. g3 Nf6 3. Bg2 Nc6 4. Nf3 d5 5. cxd5 Nxd5 6. Nc3 Nc7 7. 0-0 e5 8. a3 Rb8 9. b4 cxb4 10. axb4 Bxb4 11. Bb2 0-0 12. d3 Be6 13. Qc2 f6 14. Ne4 Qe7 15. d4 exd4 16. Nxd4 Nxd4 17. Bxd4 a6 18. Nc5 Nb5 19. Nxe6 Qxe6 20. Be3 Rfc8 21. Qb1 a5 22. Rxa5 Bxa5 23. Qxb5 Qa6 24. Qf5 Rd8 25. Ra1 g6 26. Bd5+ Kg7 27. Qf4 Qxe2 28. Qh6+ Kh8 29. Bd4 Rd6 30. Qf4 Qe7 31. Rxa5 Rbd8 32. Bc3 Kg7 33. Bf3 Rd3 34. Bb4 Qe6 35. Rb5 b6 36. Kg2 R8d7 37. Qb8 Rd8 38. Qc7+ R8d7 39. Qxb6 Qxb6 40. Rxb6 f5 41. Rc6 Kf7 42. Be2 R3d4 43. Bc4+ Ke8 44. Rc8+ Rd8 45. Rc7 Rb8 46. Bc3 Rd7 47. Rc5 Ke7 48. Be5 Rb1 49. Bb5 Rb7 50. Bc6 Ra7 51. Bd5 Rd1 52. Bg8 h6 53. h4 Re1 54. Bf4 Kf8 55. Rc8+ Kg7 56. Bd2 1-0

[Event "Matinhos Caioba op"]
[Site "Matinhos"]
[Date "2015.08.16"]
[Round "6"]
[White "Cubas, Jose Fernando"]
[Black "Ueti, Silvio Shigeo"]
[Result "1-0"]
[WhiteElo "2413"]
[BlackElo "2080"]
[PlyCount "89"]
[EventDate "2015.08.14"]
[EventType "swiss"]
[EventRounds "6"]
[EventCountry "BRA"]
[SourceTitle "EXT 2016"]
[Source "ChessBase"]
[SourceDate "2015.10.08"]
[SourceVersion "1"]
[SourceVersionDate "2015.10.08"]
[SourceQuality "1"]

1. e4 c5 2. Nf3 e6 3. d4 cxd4 4. Nxd4 a6 5. Nc3 Qc7 6. Bd3 Nf6 7. 0-0 Bc5 8. Nb3 Be7 9. a4 d6 10. a5 0-0 11. Be3 Nbd7 12. f4 Nc5 13. Qf3 Nxb3 14. cxb3 Bd7 15. Bb6 Qb8 16. Rae1 Bc6 17. Qh3 e5 18. fxe5 dxe5 19. Bc4 Qc8 20. Qg3 Nd7 21. Be3 Qc7 22. Bh6 g6 23. Nd5 Bxd5 24. Bxd5 Qxa5 25. Kh1 Qb6 26. h3 Rad8 27. Rd1 Bf6 28. Bxf8 Nxf8 29. Qf2 Rd6 30. Qxb6 Rxb6 31. Rc1 Kg7 32. Rc7 Ne6 33. Rxb7 Rxb7 34. Bxb7 Bd8 35. Bd5 Nf4 36. Bc4 a5 37. Kh2 f6 38. Rd1 Bb6 39. Rd7+ Kh6 40. g3 Nh5 41. Bg8 Bf2 42. h4 g5 43. Rxh7+ Kg6 44. g4 Bg3+ 45. Kh1 1-0

[Event "BRA-ch Amateur"]
[Site "Sao Paulo"]
[Date "2015.04.01"]
[Round "3"]
[White "Nunes, Marcela Andreia Dia"]
[Black "Ueti, Silvio Shigeo"]
[Result "0-1"]
[WhiteElo "1497"]
[BlackElo "2075"]
[PlyCount "40"]
[EventDate "2015.04.30"]
[EventType "swiss"]
[EventRounds "7"]
[EventCountry "BRA"]
[SourceTitle "EXT 2022"]
[Source "ChessBase"]
[SourceDate "2021.10.06"]
[SourceVersion "1"]
[SourceVersionDate "2021.10.06"]
[SourceQuality "1"]

1. d4 Nf6 2. c4 c5 3. d5 e6 4. Nc3 exd5 5. Nxd5 d6 6. Bf4 Nc6 7. e3 Nxd5 8. cxd5 Qa5+ 9. Qd2 Nb4 10. Kd1 Be7 11. Rc1 Qa4+ 12. Ke2 Qxa2 13. e4 0-0 14. f3 Rd8 15. Kf2 Bf6 16. Rc4 Bxb2 17. Kg3 b5 18. Rxb4 cxb4 19. Qxb4 a5 20. Qxb5 Ba6 0-1

[Event "Pocos de Caldas op"]
[Site "Pocos de Caldas"]
[Date "2015.03.14"]
[Round "3"]
[White "Ueti, Silvio Shigeo"]
[Black "Casarin, Luis Marcio Pinhatt"]
[Result "1-0"]
[WhiteElo "2087"]
[BlackElo "1860"]
[PlyCount "77"]
[EventDate "2015.03.13"]
[EventType "swiss"]
[EventRounds "6"]
[EventCountry "BRA"]
[SourceTitle "CBM 165 Extra"]
[Source "ChessBase"]
[SourceDate "2015.04.21"]
[SourceVersion "1"]
[SourceVersionDate "2015.04.21"]
[SourceQuality "1"]

1. c4 Nf6 2. g3 c5 3. Bg2 Nc6 4. Nf3 d6 5. 0-0 e6 6. Nc3 Be7 7. d4 cxd4 8. Nxd4 Nxd4 9. Qxd4 0-0 10. b3 a6 11. Rd1 Qc7 12. Bb2 Bd7 13. Rac1 Bc6 14. Nd5 Bxd5 15. cxd5 Qa5 16. dxe6 fxe6 17. a3 Ne8 18. Bxb7 Bf6 19. Qd2 Qxd2 20. Rxd2 Rb8 21. Bxa6 Rxb3 22. Bxf6 Rxf6 23. a4 d5 24. Rc8 Kf7 25. Ra2 e5 26. Bb5 Nd6 27. Rc7+ Kg6 28. Bd3+ e4 29. Bc2 Rb4 30. Rc5 d4 31. a5 Kf7 32. a6 Rb8 33. a7 Ra8 34. Bb3+ Ke7 35. Bd5 Rff8 36. Rc7+ Kf6 37. Ra6 Ke5 38. Bxa8 Rxa8 39. Re7+ 1-0

[Event "Sao Bernardo do Campo-ch"]
[Site "Sao Bernardo do Campo"]
[Date "2015.02.01"]
[Round "9"]
[White "Pires, Marcos Vinicius Tor"]
[Black "Ueti, Silvio Shigeo"]
[Result "1-0"]
[WhiteElo "2274"]
[BlackElo "2124"]
[PlyCount "21"]
[EventDate "2015.01.24"]
[EventType "tourn"]
[EventRounds "9"]
[EventCountry "BRA"]
[SourceTitle "CBM 164 Extra"]
[Source "ChessBase"]
[SourceDate "2015.03.02"]
[SourceVersion "1"]
[SourceVersionDate "2015.03.02"]
[SourceQuality "1"]

1. Nf3 c5 2. c4 e6 3. g3 b6 4. Bg2 Bb7 5. Nc3 Nf6 6. 0-0 Be7 7. Re1 d6 8. e4 Nbd7 9. d4 cxd4 10. Nxd4 a6 11. e5 1-0